| 000 | 00692nam a2200229 a 4500 | ||
|---|---|---|---|
| 001 | BRL_560 | ||
| 005 | 20190320210812.0 | ||
| 008 | 030913s1960----mx-a######---#000-0#spa-# | ||
| 041 | _aspa | ||
| 044 | _amx | ||
| 050 | 4 |
_aF1219.1.M5 _b.M37 1960 |
|
| 100 | 1 |
_aMarquina, Ignacio _920961 |
|
| 245 | 1 | 0 |
_aEl Templo Mayor de México _cIgnacio Marquina. |
| 260 |
_aMéxico _bInstituto Nacional de Antropología e Historia _c1960 |
||
| 300 |
_a118 p. _bil., laminas, mapas, planos _c23 cm. |
||
| 500 | _aAu603 | ||
| 610 | 2 | 4 |
_aTemplo Mayor (Ciudad de México) _924294 |
| 650 | 1 | 4 |
_aTemplos _zMéxico _924210 |
| 650 | 1 | 4 |
_aIndígenas de México _xAntigüedades _9509 |
| 902 | _aGRL | ||
| 942 |
_2lcc _cB |
||
| 999 |
_c9372 _d9372 |
||